Language Quiz

Random Language or Italian Quiz

Italian: Numbers Quiz Stats

 Plays Quiz Updated Jun 8, 2019

Score 0/28 Timer 05:00
7 Plays Today
English Italian % Correct
OneUno
98.9%
ThreeTre
96.4%
TwoDue
91%
SixSei
85.3%
FiveCinque
84.4%
EightOtto
83.2%
FourQuattro
82.4%
SevenSette
81.4%
NineNove
80.8%
TenDieci
75.9%
ElevenUndici
71.4%
ThirteenTredici
71.2%
TwelveDodici
69.6%
TwentyVenti
62.9%
English Italian % Correct
FifteenQuindici
59.5%
FourteenQuattordici
59.1%
ThirtyTrenta
56.3%
One HundredCento
54.2%
SixteenSedici
50.6%
EightyOttanta
49.9%
NinetyNovanta
49.7%
SeventySettanta
49%
FortyQuaranta
48.7%
FiftyCinquanta
48.5%
EighteenDiciotto
47.9%
SixtySessanta
44%
NineteenDiciannove
32.2%
SeventeenDiciassette
31.6%

You're not logged in!

Compare scores with friends on all Sporcle quizzes.
OR
Log In

Sporcle TV

Today on Sporcle TV


Watch our educational content, quiz creation guides, and fun videos on Sporcle TV.

Show Comments

Extras

Top Quizzes Today


Score Distribution

Your Account Isn't Verified!

In order to create a playlist on Sporcle, you need to verify the email address you used during registration. Go to your Sporcle Settings to finish the process.

Report this User

Report this user for behavior that violates our Community Guidelines.

Details: